00623cam a22002171 4500001001300000003000400013005001700017008004100034010001700075035001900092040003300111042001200144050002200156100002700178245004100205260004800246300002400294504003000318650004000348999001700388sa 64008316 DLC20260227112053.0750722s1964 ii b 000 0 eng  asa 64008316  a(OCoLC)1466954 aDLCcFJUNFdOCoLCdNSyUdDLC apremarc00aHD5650b.D3 1964a1 aDas, Nabagopal,d1910-10aExperiments in industrial democracy. aBombay,aNew York,bAsia Pub. Housec[1964] a vii, 175 p.c23 cm aBibliography: p. 169-172. 0aManagementxEmployee participation. c60802d60802